000 00355nam a2200145Ia 4500
008 210210b1969 xxu||||| |||| 00| 0 eng d
082 _a973 WOOC
100 _aWOODWARD (C Vann).
245 _aComparative approach to American history.
260 _aMadras.
_b
_c1969
300 _a390
650 _aUSA
690 _aAmerican History
906 _a030022
999 _c81219
_d81219